Представление документа в формате MARC21

Поле Инд. ПП Название Значение
Тип записи a
Библиографический уровень m
001 _ Контрольный номер RU\infra-m\znanium\bibl\1009729
005 _ Дата корректировки 20250915104133.8
008 Кодируемые данные 221202s2020 RU g rus u
020 a ISBN 978-5-9776-0340-9
020 a ISBN 978-5-16-102367-9
020 a ISBN 978-5-16-010396-9
040 a Служба первич. каталог. Общество с ограниченной ответственностью «ЗНАНИУМ»
041 a Код языка текста rus
044 a Код страны публикации RU
080 a Индекс УДК 330(075.8)
084 2 Источник индекса rubbk
a Индекс другой классификации/Индекс ББК 65.01я73-1
084 2 Источник индекса okso
a Индекс другой классификации/Индекс ББК 00.03.13
084 2 Источник индекса okso
a Индекс другой классификации/Индекс ББК 00.05.13
100 1_ a Автор Балашов Алексей Игоревич
q Полное имя Алексей Игоревич
245 a Заглавие Экономика
b Продолж. заглавия Учебник
c Ответственность Национальный исследовательский университет "Высшая школа экономики", ф-л Санкт-Петербург; Санкт-Петербургский государственный политехнический университет Петра Великого; Российская академия народного хозяйства и государственной службы при Президенте РФ
250 a Основные сведения об издании 1
260 a Место издания Москва
b Издательство Издательство "Магистр"
c Дата издания 2019
300 a Объем 432 с.
440 a Серия Бакалавриат
520 a Аннотация В учебнике рассматриваются теоретико-методологические основы современной экономической науки проблемы институционального взаимодействия экономики и права микроэкономическая теория рынка основы теории контрактов экономическая теория государства введение в теорию общественного выбора и конституционую экономику теория макроэкономического равновесия монетарная теория и организация публичных финансов а также основы теории международной торговли. Для данной работы характерна компактная структура четкость формулировок методически выверенное изложение а также наличие практических примеров позволяющих проводить текущий и итоговый контроль знаний учащихся. Предназначен для студентов бакалавритата высшего профессионального образования будет полезен преподавателям аспирантам научным работникам.
521 a Примеч. о целев. назн. ВО - Бакалавриат
650 a Основная рубрика Экономика. Бухгалтерский учет. Финансы
x Основная подрубрика Общая экономическая теория
700 1_ a Другие авторы Тертышный Сергей Анатольевич
q Полное имя Сергей Анатольевич
852 x Примечание, не предназначенное для пользователя znanium2023
856 4_ a Имя сервера/домена znanium.com
m Помощь ebs_support@infra-m.ru
n Местонахождение сервера НИЦ ИНФРА-М
u URL https://znanium.com/catalog/document?id=354400
z Примечание для пользователя Участвует в КО
856 41 a Имя сервера/домена znanium.com
d Путь /cover/1009
f Электронное имя 1009729.jpg
q Тип электронного формата image/jpeg
u URL https://znanium.com/cover/1009/1009729.jpg